01005nam a2200241 u 4500001001000000003000900010005001700019008004100036040002500077049000900102082001900111100003300130245010900163260004000272300003400312500005400346700004900400910003700449942001400486952012600500952012200626999001500748000002917DO-SdBNP20210802075942.0090706s1947 dr ac r 000 0 spa d aDO-SdBNPbspacBNPHU aBNPD a320.987bP424v1 aPepper, José Vicente9926310aVenezuela dentro de la orbita sovietica /cJosé Vicente Pepper, Graciela Rincón-Calcaño de Pepper. aCuidad Trujillo :bMontalvo,c1947. a176 p. :bil., retr ;c23 cm. aPublicado en Cuidad Trujillo actual Santo Domingo1 aRincón-Calcaño de Pepper, Graciela99264 aValidado. Control de calidad MFF 2ddccLBS1 0010718PDaPDbPDcHDd2009-07-06iLF1l0o320.987 P424vp2917-10r2020-06-25w2020-06-25yLFPDzDedicadoZNo se presta 0010718PDaPDbPDcHDd2011-04-19iLF1l0o320.987 P424vp2917-20r2020-06-25te. 2w2020-06-25yLFPDZNo se presta c2750d2750